00917nam a22002295i 450000100060000000300090000600500170001500700030003200800410003504000200007610000330009624501270012926000380025630000270029449000630032165000290038470000390041383000710045285200220052399900170054595201250056248276ES-MaACL20250914145929.0t|950711s1898 sp ||||1| spa d aCAM bspa cCAM1 aChironi, Gian Pietro.93855813aLa culpa en el derecho civil moderno b: culpa contractual / cpor G.P. Chironi; traducción española... por A. Posada. aMadrid : bHijos de Reus, c1898. a828, [4] p. ; c23 cm.1 aBiblioteca jurídica de autores españoles y extranjeros14aCulpa jurídica.9115121 aPosada, Adolfo, d1860-19449933160 aBiblioteca jurídica de autores españoles y extranjeros9182228 aES-MaACLjF-14602 c48276d48276 001040708LIBXIXaATENEOMbATENEOMcSPP2d2008-01-17eSCl0oF-14602p1050808r2023-02-23 00:00:00w2023-02-23yMONANT